[Event "ZH-2010-0-00488"]
[Site "LSS email"]
[Date "2010.11.17"]
[Round "?"]
[White "Keevil, Paul"]
[Black "Jones, Paul"]
[Result "1-0"]
[WhiteElo "2070"]
[BlackElo "2077"]
[PlyCount "59"]
[EventDate "2010.11.09"]
[EventType "match (corr)"]
[EventRounds "2"]
[EventCountry "GER"]
[SourceTitle "Telechess CBM 143"]
[Source "ChessBase"]
[SourceDate "2011.07.15"]
[SourceVersion "1"]
[SourceVersionDate "2011.07.15"]
[SourceQuality "1"]

1. d4 e6 2. c4 Nf6 3. Nc3 Bb4 4. Bd2 d5 5. e3 Bxc3 6. Bxc3 dxc4 7. Bxc4 0-0 8. Nf3 b6 9. 0-0 Ba6 10. Bxa6 Nxa6 11. Qd3 Nb8 12. Ne5 Nd5 13. Bd2 Nd7 14. Nxd7 Qxd7 15. Rfc1 Rac8 16. Rc2 c6 17. Rac1 Rc7 18. e4 Nf6 19. Bg5 Rfc8 20. Bxf6 gxf6 21. Rc3 Rd8 22. Rd1 c5 23. dxc5 bxc5 24. Qg3+ Kf8 25. Rxd7 Rdxd7 26. h3 Rd1+ 27. Kh2 Rc6 28. Qb8+ Ke7 29. Qxa7+ Rd7 30. Qa4 1-0

[Event "LSS RA-2010-0-00105"]
[Site "LSS email"]
[Date "2010.09.22"]
[Round "?"]
[White "Jones, Paul"]
[Black "Keevil, Paul"]
[Result "0-1"]
[WhiteElo "2123"]
[BlackElo "2042"]
[PlyCount "68"]
[EventDate "2010.08.20"]
[EventType "tourn (corr)"]
[EventRounds "6"]
[EventCountry "GER"]
[SourceTitle "Telechess CBM 143"]
[Source "ChessBase"]
[SourceDate "2011.07.15"]
[SourceVersion "1"]
[SourceVersionDate "2011.07.15"]
[SourceQuality "1"]

1. d4 d5 2. c4 dxc4 3. e3 c5 4. Bxc4 cxd4 5. Qxd4 Qxd4 6. exd4 Nc6 7. Nf3 a6 8. Ne5 Nxe5 9. dxe5 e6 10. 0-0 b5 11. Be2 Bb7 12. f4 Bc5+ 13. Kh1 Ne7 14. Bf3 Bxf3 15. Rxf3 0-0 16. Be3 Bxe3 17. Rxe3 Rfc8 18. Rc3 Rxc3 19. Nxc3 Rd8 20. Rd1 Rxd1+ 21. Nxd1 Nd5 22. g3 a5 23. Kg2 a4 24. Nc3 Nxc3 25. bxc3 Kf8 26. h3 Ke8 27. g4 Kd7 28. h4 Kc6 29. Kf3 Kd5 30. Ke3 Kc4 31. Kd2 b4 32. cxb4 Kxb4 33. Kc2 Kc4 34. Kd2 Kd4 0-1

[Event "SM-2010-0-00104"]
[Site "LSS email"]
[Date "2010.05.24"]
[Round "?"]
[White "Deghose, Max"]
[Black "Jones, Paul"]
[Result "1/2-1/2"]
[WhiteElo "2260"]
[BlackElo "2135"]
[PlyCount "58"]
[EventDate "2010.04.19"]
[EventType "tourn (corr)"]
[EventRounds "6"]
[EventCountry "GER"]
[SourceTitle "Telechess CBM 141"]
[Source "ChessBase"]
[SourceDate "2011.03.17"]
[SourceVersion "1"]
[SourceVersionDate "2011.03.17"]
[SourceQuality "1"]

1. d4 Nf6 2. c4 e6 3. Nf3 Be7 4. Nc3 d5 5. Bg5 h6 6. Bxf6 Bxf6 7. e3 0-0 8. Rc1 a6 9. a3 c6 10. Bd3 dxc4 11. Bxc4 Nd7 12. 0-0 b5 13. Be2 Bb7 14. Ne4 Be7 15. Qc2 Qc7 16. Rfd1 Rfe8 17. Ne1 f5 18. Nd2 Rac8 19. Nb3 c5 20. Nxc5 Nxc5 21. b4 Be4 22. Qc3 Bd6 23. bxc5 Bxh2+ 24. Kh1 Qb8 25. Bf3 Bc7 26. Bxe4 fxe4 27. Qc2 Qa8 28. c6 Bd6 29. Qxe4 Bxa3 1/2-1/2

[Event "LSS RA-2009-0-00076"]
[Site "LSS email"]
[Date "2010.01.17"]
[Round "?"]
[White "Sorcinelli, Andrea"]
[Black "Jones, Paul"]
[Result "1/2-1/2"]
[WhiteElo "2083"]
[BlackElo "2155"]
[PlyCount "42"]
[EventDate "2009.12.09"]
[EventType "tourn (corr)"]
[EventRounds "6"]
[EventCountry "GER"]
[SourceTitle "Corr 2013"]
[Source "ChessBase"]
[SourceDate "2012.11.12"]
[SourceVersion "1"]
[SourceVersionDate "2012.11.12"]
[SourceQuality "1"]

1. e4 g6 2. d4 Bg7 3. Nc3 d5 4. exd5 Nf6 5. Bc4 Nbd7 6. Bg5 Nb6 7. Bxf6 Bxf6 8. Bb3 a5 9. a4 0-0 10. Nge2 c6 11. dxc6 bxc6 12. Ne4 Ba6 13. 0-0 Bxe2 14. Nxf6+ exf6 15. Qxe2 Qxd4 16. c3 Qc5 17. Rfe1 Kg7 18. Rad1 Rab8 19. g3 Rb7 20. Rd2 Rfb8 21. Kg2 Qf8 1/2-1/2

[Event "LSS SA-2009-0-00100"]
[Site "LSS email"]
[Date "2009.11.25"]
[Round "?"]
[White "Sanner, Zdzislaw"]
[Black "Jones, Paul"]
[Result "0-1"]
[WhiteElo "2105"]
[BlackElo "2135"]
[PlyCount "98"]
[EventDate "2009.11.14"]
[EventType "tourn (corr)"]
[EventRounds "6"]
[EventCountry "GER"]
[SourceTitle "Telechess CBM 137"]
[Source "ChessBase"]
[SourceDate "2010.07.15"]
[SourceVersion "1"]
[SourceVersionDate "2010.07.15"]
[SourceQuality "1"]

1. e4 e5 2. f4 exf4 3. Nf3 d6 4. Bc4 h6 5. b3 Nf6 6. Nc3 c6 7. e5 Ng4 8. Qe2 d5 9. Bd3 Bc5 10. Na4 Be7 11. 0-0 b5 12. Nb2 0-0 13. c3 Re8 14. Bb1 b4 15. d4 bxc3 16. Qc2 g6 17. Qxc3 c5 18. Bxf4 cxd4 19. Nxd4 Bf8 20. Qd2 Nxe5 21. Bxh6 Ba6 22. Bg5 Qb6 23. Na4 Qd6 24. Rf6 Qb4 25. Qxb4 Bxb4 26. Rf4 Nbc6 27. Nxc6 Nxc6 28. Bc2 Re2 29. Bf6 Bf8 30. Rh4 Bg7 31. Bxg7 Kxg7 32. Nc5 Rxc2 33. Nxa6 Re8 34. Nb4 Nxb4 35. Rxb4 Ree2 36. Rg4 d4 37. Rd1 f5 38. Rg5 Kh6 39. h4 Re4 40. a4 Rxh4 41. Rg3 Re4 42. Rgd3 Ree2 43. Rh3+ Kg7 44. Rg3 Red2 45. Rxd2 Rxd2 46. Kf1 Kf6 47. Ke1 Rb2 48. Rd3 Rxg2 49. Rxd4 g5 0-1

[Event "LSS SA-2009-0-00092"]
[Site "LSS email"]
[Date "2009.10.26"]
[Round "?"]
[White "Llorente Alvarez, Jose Luis"]
[Black "Jones, Paul"]
[Result "1/2-1/2"]
[WhiteElo "2096"]
[BlackElo "1952"]
[PlyCount "49"]
[EventDate "2009.10.09"]
[EventType "tourn (corr)"]
[EventRounds "6"]
[EventCountry "GER"]
[SourceTitle "Telechess CBM 147"]
[Source "ChessBase"]
[SourceDate "2012.03.16"]
[SourceVersion "1"]
[SourceVersionDate "2012.03.16"]
[SourceQuality "1"]

1. e4 e5 2. Nf3 d6 3. Bc4 Be7 4. d4 exd4 5. Nxd4 Nf6 6. Nc3 0-0 7. Be3 c5 8. Nf3 Be6 9. Qd3 Nc6 10. 0-0-0 a6 11. Bxe6 fxe6 12. Qc4 Qc8 13. Ng5 Nd8 14. e5 dxe5 15. Qh4 h6 16. Nge4 Nd5 17. Qg4 Nxe3 18. fxe3 Qc6 19. Rdf1 Nf7 20. Ng3 Nh8 21. Nce4 Rxf1+ 22. Rxf1 Rf8 23. Rxf8+ Kxf8 24. Nh5 g5 25. h4 1/2-1/2

[Event "LSS CP-2009-P-00053"]
[Site "LSS email"]
[Date "2009.10.21"]
[Round "?"]
[White "Jones, Paul"]
[Black "Goncalves Barbosa, Sergio"]
[Result "1/2-1/2"]
[WhiteElo "2140"]
[BlackElo "2186"]
[PlyCount "95"]
[EventDate "2009.10.01"]
[EventType "tourn (corr)"]
[EventRounds "6"]
[EventCountry "GER"]
[SourceTitle "Corr 2022"]
[Source "ChessBase"]
[SourceDate "2021.10.24"]
[SourceVersion "1"]
[SourceVersionDate "2021.10.24"]
[SourceQuality "1"]

1. d4 d5 2. c4 c6 3. e3 Nf6 4. Nc3 e6 5. Bd3 dxc4 6. Bxc4 b5 7. Bd3 Bb7 8. f4 Nbd7 9. Nf3 Be7 10. 0-0 0-0 11. b3 b4 12. Na4 c5 13. Bb2 Rc8 14. Qe2 cxd4 15. Bxd4 Qc7 16. Qb2 h6 17. Rac1 Qa5 18. Rfe1 Bd6 19. Be2 Rfe8 20. Rxc8 Rxc8 21. Rd1 Be7 22. Rc1 Rxc1+ 23. Qxc1 Nd5 24. Ne5 Nxe5 25. Bxe5 Nf6 26. Bd4 Nd7 27. Qc4 a6 28. Bg4 Qd8 29. Kf2 Bf8 30. g3 Nf6 31. Be2 Qa5 32. Bxf6 gxf6 33. Bf3 Bxf3 34. Kxf3 Qh5+ 35. Kg2 Qd1 36. Qf1 Qd2+ 37. Qf2 Qd5+ 38. Qf3 Qd3 39. Kf2 Qb1 40. Qe2 Qh1 41. h4 Qh2+ 42. Kf3 Qh1+ 43. Kf2 f5 44. Qf1 Qb7 45. Nb2 Bc5 46. Qc4 Be7 47. Nd3 Bd6 48. Ne1 1/2-1/2

[Event "LSS CP-2009-P-00053"]
[Site "LSS email"]
[Date "2009.10.21"]
[Round "?"]
[White "Jones, Paul"]
[Black "Louro, Eugenio Diogo"]
[Result "1-0"]
[WhiteElo "2152"]
[BlackElo "1783"]
[PlyCount "87"]
[EventDate "2009.10.01"]
[EventType "tourn (corr)"]
[EventRounds "6"]
[EventCountry "GER"]
[SourceTitle "Corr 2013"]
[Source "ChessBase"]
[SourceDate "2012.11.12"]
[SourceVersion "1"]
[SourceVersionDate "2012.11.12"]
[SourceQuality "1"]
[WhiteTeam "US of America"]
[BlackTeam "US of America"]
[WhiteTeamCountry "USA"]
[BlackTeamCountry "USA"]

1. d4 d5 2. c4 c6 3. e3 Nf6 4. Nc3 e6 5. Nf3 Nbd7 6. Qc2 Bd6 7. Bd3 0-0 8. Bd2 dxc4 9. Bxc4 e5 10. 0-0 exd4 11. Nxd4 Nb6 12. Bd3 Re8 13. h3 Nbd7 14. Ne4 Nxe4 15. Bxe4 Nf6 16. Bd3 Qe7 17. Rad1 h6 18. Bc3 Nd5 19. Rd2 Nxc3 20. bxc3 Bd7 21. Rfd1 Rad8 22. Qb1 b6 23. Bh7+ Kh8 24. Bf5 Bc7 25. Bxd7 Qxd7 26. Qf5 Qxf5 27. Nxf5 Rxd2 28. Rxd2 Rd8 29. Rxd8+ Bxd8 30. Nd4 c5 31. Nc6 Bf6 32. c4 a6 33. Nb8 a5 34. f4 Bd8 35. Kf2 Kg8 36. Nc6 Bf6 37. e4 Kf8 38. e5 Bh4+ 39. g3 Be7 40. Nxe7 Kxe7 41. Ke3 f5 42. Kd3 Kd7 43. Kc3 Kc6 44. Kb3 1-0

[Event "LSS CP-2009-P-00053"]
[Site "LSS email"]
[Date "2009.10.21"]
[Round "?"]
[White "Schalkwijk, Peter H"]
[Black "Jones, Paul"]
[Result "0-1"]
[WhiteElo "1486"]
[BlackElo "2141"]
[PlyCount "90"]
[EventDate "2009.10.01"]
[EventType "tourn (corr)"]
[EventRounds "6"]
[EventCountry "GER"]
[SourceTitle "Telechess CBM 141"]
[Source "ChessBase"]
[SourceDate "2011.03.17"]
[SourceVersion "1"]
[SourceVersionDate "2011.03.17"]
[SourceQuality "1"]

1. d4 Nf6 2. c4 c5 3. d5 d6 4. Nc3 g6 5. e4 Bg7 6. Bd3 Ng4 7. Nf3 Nd7 8. h3 Nge5 9. 0-0 Nxf3+ 10. Qxf3 0-0 11. Qe2 a6 12. a4 Rb8 13. a5 b6 14. axb6 Bd4 15. Be3 Qxb6 16. Na4 Qb4 17. Bxd4 cxd4 18. Bc2 e5 19. dxe6 fxe6 20. Rfd1 e5 21. b3 a5 22. Nb2 Nc5 23. Nd3 Nxd3 24. Rxd3 Bd7 25. Rd2 Kg7 26. f3 Qc5 27. Qd3 Rb4 28. Bd1 Rfb8 29. Ra3 a4 30. Rda2 axb3 31. Bxb3 Be6 32. Kh2 R8b7 33. Rc2 h6 34. Ba2 Rb2 35. Ra8 Bf7 36. Qd2 Rxc2 37. Qxc2 d3 38. Qxd3 Rb2 39. Qf1 Qe3 40. Qg1 Qxf3 41. Bb1 Qf4+ 42. Kh1 Bxc4 43. Ra7+ Kf6 44. Rd7 Rf2 45. Rxd6+ Kg5 0-1

[Event "LSS RA-2009-0-00065"]
[Site "LSS email"]
[Date "2009.10.15"]
[Round "?"]
[White "Jones, Paul"]
[Black "Sorcinelli, Andrea"]
[Result "1/2-1/2"]
[WhiteElo "2138"]
[BlackElo "2036"]
[PlyCount "109"]
[EventDate "2009.09.06"]
[EventType "tourn (corr)"]
[EventRounds "6"]
[EventCountry "GER"]
[SourceTitle "Telechess CBM 137"]
[Source "ChessBase"]
[SourceDate "2010.07.15"]
[SourceVersion "1"]
[SourceVersionDate "2010.07.15"]
[SourceQuality "1"]

1. d4 e6 2. c4 f5 3. g3 Nf6 4. Nf3 Bb4+ 5. Bd2 Be7 6. Nc3 0-0 7. Bg2 d6 8. Qc2 Qe8 9. 0-0 Qh5 10. Rad1 Nbd7 11. Nb5 Bd8 12. Ng5 Re8 13. d5 exd5 14. cxd5 Nc5 15. b4 Nce4 16. Nxe4 fxe4 17. Nxc7 Bxc7 18. Qxc7 Qxe2 19. Rfe1 Qa6 20. Bf1 Qb6 21. Rc1 Bf5 22. Be3 Qxc7 23. Rxc7 Reb8 24. Bd4 Ne8 25. Rc3 a5 26. bxa5 Rxa5 27. f3 Rxa2 28. fxe4 Ra4 29. Rc4 Rxc4 30. Bxc4 Bg6 31. e5 b5 32. Bb3 Ra8 33. Kf2 Ra3 34. Re3 Kf7 35. Bb2 Ra7 36. Kf3 Ke7 37. Bd4 Ra6 38. exd6+ Kd8 39. Kf4 Nxd6 40. g4 Kd7 41. Bxg7 Nc4 42. Rc3 Kd6 43. Bxc4 bxc4 44. Rxc4 Kxd5 45. Rd4+ Ke6 46. Rb4 Bc2 47. Kg5 Ra5+ 48. Kh6 Bd3 49. h4 Ra7 50. Rf4 Rf7 51. Ra4 Rc7 52. Ra3 Bc2 53. Re3+ Kf7 54. g5 Rc4 55. Rh3 1/2-1/2

[Event "LSS RA-2009-0-00065"]
[Site "LSS email"]
[Date "2009.10.15"]
[Round "?"]
[White "Zielinski, Sergej"]
[Black "Jones, Paul"]
[Result "1/2-1/2"]
[WhiteElo "2181"]
[BlackElo "2138"]
[PlyCount "58"]
[EventDate "2009.09.06"]
[EventType "tourn (corr)"]
[EventRounds "6"]
[EventCountry "GER"]
[SourceTitle "Telechess CBM 137"]
[Source "ChessBase"]
[SourceDate "2010.07.15"]
[SourceVersion "1"]
[SourceVersionDate "2010.07.15"]
[SourceQuality "1"]

1. e4 e5 2. Nf3 Nc6 3. Bb5 Nf6 4. 0-0 Be7 5. Re1 d6 6. d4 exd4 7. Nxd4 Bd7 8. Nc3 0-0 9. Bxc6 bxc6 10. Qf3 Re8 11. b3 d5 12. exd5 cxd5 13. h3 c6 14. Bf4 Bc5 15. Rxe8+ Qxe8 16. Qd3 h6 17. Rd1 Bb6 18. Nf3 Qc8 19. Nh4 Be6 20. Re1 Ba5 21. a3 Bd8 22. Nf3 Bf5 23. Qd1 Bh7 24. Be5 Be7 25. b4 a5 26. b5 Ne4 27. Na4 Qb7 28. b6 Nc5 29. Qd4 Nxa4 1/2-1/2

[Event "LSS SM-2009-0-00068"]
[Site "LSS email"]
[Date "2009.08.21"]
[Round "?"]
[White "Jones, Paul"]
[Black "Zielinski, Sergej"]
[Result "1/2-1/2"]
[WhiteElo "1952"]
[BlackElo "2098"]
[PlyCount "29"]
[EventDate "2009.07.10"]
[EventType "tourn (corr)"]
[EventRounds "6"]
[EventCountry "GER"]
[SourceTitle "Corr 2013"]
[Source "ChessBase"]
[SourceDate "2012.11.12"]
[SourceVersion "1"]
[SourceVersionDate "2012.11.12"]
[SourceQuality "1"]
[WhiteTeam "US of America"]
[BlackTeam "US of America"]
[WhiteTeamCountry "USA"]
[BlackTeamCountry "USA"]

1. d4 d5 2. c4 e6 3. Nf3 Nf6 4. Nc3 Be7 5. Bf4 0-0 6. e3 c5 7. dxc5 Bxc5 8. Rc1 Nc6 9. Be2 dxc4 10. 0-0 Nd5 11. Bg3 Nxc3 12. Rxc3 b5 13. a4 a6 14. Bxc4 Qxd1 15. Rxd1 1/2-1/2

[Event "LSS SM-2009-0-00068"]
[Site "LSS email"]
[Date "2009.08.17"]
[Round "?"]
[White "Siger, Imre Csaba"]
[Black "Jones, Paul"]
[Result "1/2-1/2"]
[WhiteElo "2078"]
[BlackElo "2162"]
[PlyCount "73"]
[EventDate "2009.07.10"]
[EventType "tourn (corr)"]
[EventRounds "6"]
[EventCountry "GER"]
[SourceTitle "Corr 2013"]
[Source "ChessBase"]
[SourceDate "2012.11.12"]
[SourceVersion "1"]
[SourceVersionDate "2012.11.12"]
[SourceQuality "1"]
[WhiteTeam "US of America"]
[BlackTeam "US of America"]
[WhiteTeamCountry "USA"]
[BlackTeamCountry "USA"]

1. e4 e5 2. Nf3 Nc6 3. Bb5 Nf6 4. d3 Bc5 5. Bxc6 dxc6 6. h3 Qd6 7. Nbd2 b5 8. a4 a5 9. axb5 cxb5 10. Nb3 Bb6 11. Qd2 a4 12. Qg5 Ba6 13. Nbd2 0-0 14. Qxe5 Qc6 15. Qc3 Qc5 16. Qxc5 Bxc5 17. 0-0 Bb7 18. Nb1 b4 19. Be3 Be7 20. Nd4 Nd7 21. Nd2 c5 22. Nf5 Bf6 23. Rab1 g6 24. Nh6+ Kh8 25. Nc4 Bc6 26. e5 Be7 27. Nxf7+ Rxf7 28. e6 Rf6 29. exd7 Bxd7 30. Ne5 Bf5 31. g4 Bc8 32. Rfe1 Re6 33. Nc4 Rea6 34. Bf4 Be6 35. Kf1 Bf8 36. Be5+ Kg8 37. Nd2 1/2-1/2

[Event "LSS RA-2009-0-00048"]
[Site "LSS email"]
[Date "2009.05.10"]
[Round "?"]
[White "Herzog, Klaus"]
[Black "Jones, Paul"]
[Result "0-1"]
[WhiteElo "1942"]
[BlackElo "2175"]
[PlyCount "38"]
[EventDate "2009.03.22"]
[EventType "tourn (corr)"]
[EventRounds "6"]
[EventCountry "GER"]
[SourceTitle "Corr 2011"]
[Source "ChessBase"]
[SourceDate "2010.08.31"]
[SourceVersion "1"]
[SourceVersionDate "2010.08.31"]
[SourceQuality "1"]

1. f4 Nf6 2. b3 g6 3. Bb2 Bg7 4. e3 0-0 5. Nf3 d5 6. Be2 c5 7. 0-0 Bf5 8. Bd3 Bxd3 9. cxd3 Nc6 10. Qe2 Rc8 11. Nc3 d4 12. Na4 Qd6 13. Rac1 b6 14. Ng5 Nb4 15. a3 Nc6 16. e4 e5 17. f5 h6 18. Nf3 gxf5 19. exf5 Qd5 0-1

[Event "LSS RA-2009-0-00042"]
[Site "LSS email"]
[Date "2009.03.10"]
[Round "?"]
[White "Jones, Paul"]
[Black "Amann, Klaus"]
[Result "1/2-1/2"]
[WhiteElo "2161"]
[BlackElo "2016"]
[PlyCount "49"]
[EventDate "2009.01.18"]
[EventType "tourn (corr)"]
[EventRounds "6"]
[EventCountry "GER"]
[SourceTitle "Corr 2011"]
[Source "ChessBase"]
[SourceDate "2010.08.31"]
[SourceVersion "1"]
[SourceVersionDate "2010.08.31"]
[SourceQuality "1"]

1. d4 Nf6 2. Nf3 c5 3. e3 e6 4. c4 d5 5. cxd5 exd5 6. Be2 Nc6 7. 0-0 cxd4 8. Nxd4 Bd6 9. Nc3 0-0 10. b3 Be5 11. Bb2 Nxd4 12. exd4 Bd6 13. Nb5 Bb8 14. Nc3 Bf5 15. Bd3 Bxh2+ 16. Kxh2 Ng4+ 17. Kg3 Qd6+ 18. f4 Ne3 19. Qd2 Qg6+ 20. Kf3 Rfe8 21. Bxf5 Qxf5 22. Kf2 Nxf1 23. Rxf1 Re6 24. Kg1 Rae8 25. Qf2 1/2-1/2

[Event "LSS WC-2013-P-00019"]
[Site "LSS email"]
[Date "2009.02.14"]
[Round "?"]
[White "Kroes, Friso"]
[Black "Jones, Paul"]
[Result "1-0"]
[WhiteElo "2019"]
[BlackElo "2161"]
[PlyCount "53"]
[EventDate "2009.02.18"]
[EventType "tourn (corr)"]
[EventRounds "6"]
[EventCountry "GER"]
[SourceTitle "Corr 2011"]
[Source "ChessBase"]
[SourceDate "2010.08.31"]
[SourceVersion "1"]
[SourceVersionDate "2010.08.31"]
[SourceQuality "1"]

1. e4 e5 2. Nf3 Nc6 3. d4 exd4 4. Bc4 Bb4+ 5. c3 dxc3 6. bxc3 Ba5 7. 0-0 h6 8. Qb3 Qf6 9. e5 Qg6 10. Re1 Bb6 11. Qd1 Nge7 12. Nh4 Qh7 13. Nd2 0-0 14. Ba3 Kh8 15. Qf3 f5 16. g4 f4 17. Bd3 g6 18. Nb3 Qg7 19. Nd4 Bxd4 20. cxd4 Nxd4 21. Qe4 Ndc6 22. Rac1 Re8 23. Rxc6 Nxc6 24. Nxg6+ Kg8 25. Bc4+ Re6 26. Nxf4 Qh7 27. Ng6 1-0